00810nam a2200241 a 4500001001000000003000400010005001700014008004100031040002500072082002600097100003700123245005200160250001300212260004200225300002100267590002800288650002900316650003100345910003700376942001400413952012400427999001700551000017268OSt20260321073640.0100322s1990 dr 000 0 spa d aDO-SdBNPbspacBNPHU aRD863.44bB742c, 19901 a Bosch, Juan, d1909-200197655510aMás cuentos escritos en exilio /cJuan Bosch. a13a. ed. aSanto Domingo :bAlfa y Omega,c1990. a284 p. ;c21 cm. aInventariado, 2020 / DG 0aCuentos dominicanos9176 0aLiteratura dominicana.967 aValidado. Control de calidad MFF 2ddccLBS1 0010718PDaPDbPDcHDd2010-03-22iLF1l0oRD863.44 B742c, 1990p17268-10r2020-06-25w2020-06-25yLFPDZNo se presta c16793d16793